000 00337cam a22001097a 4500
008 180718b1979 xxu||||| |||| 00| 0 eng d
082 _aA75 Ut8PI
245 _aUttar Pradesh district gazetteers: Pithoragarh
_cedited by P.C. Saxena
260 _aLucknow
_bDepartment of District Gazetteers
_c1979
300 _a219p.
700 _aSaxena, P.C.
999 _c487037
_d487037